000 00182 a2200085 4500
001 84249
090 _c40051
_d40050
245 _aOrganizational Behavior
260 _aUSA
_bHoughton Mifflin
_c1989
942 _aNUST-CAE
999 _c319322
_d319322